Integral animal behavior /

Bibliographic Details
Main Author: Davis, David Edward
Format: Book
Language:English
Published: New York : Macmillan, [1966]
Series:Current concepts in biology.
Subjects:

MARC

Tag First Indicator Second Indicator Subfields
LEADER 00000cam a22000001 4500
001 in00000047847
005 20151007075549.0
008 711013s1966 nyua b 00010 eng
010 |a  66016094  
035 |a (OCoLC)00556858 
035 |9 AAF3433AM 
040 |a DLC  |c DLC  |d TXA  |d UtOrBLW 
049 |a TXAM  |c [476272] 
050 0 0 |a QL751  |b .D37 
082 0 |a 591.51 
092 |a 591.51  |b D261i, 1966 
100 1 |a Davis, David Edward. 
245 1 0 |a Integral animal behavior /  |c [by] David E. Davis. 
264 1 |a New York :  |b Macmillan,  |c [1966] 
300 |a viii, 118 pages :  |b illustrations ;  |c 24 cm. 
336 |a text  |b txt  |2 rdacontent 
337 |a unmediated  |b n  |2 rdamedia 
338 |a volume  |b nc  |2 rdacarrier 
490 1 |a Current concepts in biology series 
504 |a Includes bibliographies. 
650 0 |a Animal behavior. 
830 0 |a Current concepts in biology. 
999 |a MARS 
999 f f |s aaca2e2e-1617-304a-bc3d-76ad860417b1  |i 510a8741-1c8b-3810-af51-e5a92b3b5400  |t 0 
952 f f |p ric  |a Texas A&M University  |b Rellis Campus  |c Joint Library Facility  |d Remote Storage  |t 0  |e QL751 .D37  |h Library of Congress classification  |i unmediated -- volume  |m A14801008024 
998 f f |a QL751 .D37  |t 0  |l Remote Storage